书目信息 |
| 题名: |
量子有机化学
|
|
| 作者: | 朱永 编著 | |
| 分册: | 下 | |
| 出版信息: | 上海 上海科学技术出版社 1986 |
|
| 页数: | 390页 | |
| 开本: | 21cm | |
| 丛书名: | 近代化学丛书 | |
| 单 册: | ||
| 中图分类: | O621.13 | |
| 科图分类: | ||
| 主题词: | 量子化学:有机化学 , 有机化学:量子化学 | |
| 电子资源: | ||
| ISBN: | ||
| 000 | 00735nam2 2200277 45 | |
| 001 | 0183012343 | |
| 005 | 20040906104508.5 | |
| 010 | @dCNY3.05 | |
| 091 | @a13119.1332 | |
| 100 | @a19950622f19861986em y0chiy0121 ea | |
| 101 | 0 | @achi |
| 102 | @aCN@b310000 | |
| 105 | @ay z 000yy | |
| 106 | @ar | |
| 200 | 10 | @a量子有机化学@h下@Aliang zi you ji hua xue@f朱永等编著 |
| 210 | @a上海@c上海科学技术出版社@d1986 | |
| 215 | @a390页@d21cm | |
| 225 | 2 | @a近代化学丛书 |
| 410 | 0 | @120010@a近代化学丛书 |
| 606 | @a量子化学:有机化学 | |
| 606 | @a有机化学:量子化学 | |
| 690 | @aO621.13@v3 | |
| 701 | 0 | @a朱永@Azhu yong@4编著 |
| 801 | 0 | @aCN@b上海图书馆@c20040524 |
| 801 | 2 | @aCN@bNLC@c20040524 |
| 905 | @dO621.13@e18:2@f1@b169238 | |
| 量子有机化学.下/朱永等编著.-上海:上海科学技术出版社,1986 |
| 390页;21cm.-(近代化学丛书) |
| ISBN :CNY3.05 |
| ● |
| 相关链接 |
|
|
|
|
正题名:量子有机化学
索取号:O621.13/18:2
 
预约/预借
| 序号 | 登录号 | 条形码 | 馆藏地/架位号 | 状态 | 备注 |
| 1 | 0169238 | 001952364 | 第三借阅区/ [索取号:O621.13/18:2] | 在馆 | |
| 2 | 0169239 | 000700307 | 密集书库/ [索取号:O621.13/18:2] | 在馆 | |
| 3 | 0169240 | 000700316 | 密集书库/ [索取号:O621.13/18:2] | 在馆 | |
| 4 | 0169241 | 000700254 | 第三借阅区/ [索取号:O621.13/18:2] | 在馆 | |
| 5 | 0169242 | 000700281 | 第二样本阅览室/ [索取号:O621.13/18:2] | 在馆 |